000 00626nam a22001457a 4500
020 _a978-93-5489-741-2
082 _a823
_bNAI/I
100 _aNAIDU SHANTANU
245 _aI CAME UPON A LIGHTHOUSE
260 _aHARYANA
_bHARPER COLLINS PUBLISHERS
_c2021
300 _a217
520 _aI Came Upon a Lighthouse: A Short Memoir of Life with Ratan Tata is a memoir written by Shantanu Naidu and illustrated by Sanjana Desai. Published by HarperCollins India in January 2021, the memoir explores the life and relation between the millennial Naidu and the octogenarian industrialist, Ratan Tata.
650 _aSTORY
942 _cBK
999 _c6899
_d6899